| 000 | 01980cam a2200589 i 4500 | ||
|---|---|---|---|
| 001 | 29386 | ||
| 003 | KOSZ 005 | ||
| 005 | 20240912152234.0 | ||
| 008 | 240610s1990 pl a g 000 0 pol | ||
| 015 | _aUWD 2006/8294 | ||
| 020 | _a8303028898 | ||
| 035 | _a991028284419705066 | ||
| 035 | _a(PL-WaBN)b17657489-48omnis_nlop | ||
| 035 | _ab17657489 | ||
| 035 | _a(OCoLC)838778630 | ||
| 035 | _azz2005864266 | ||
| 035 | _a(PL)b0000001765748 | ||
| 035 | _a(EXLNZ-48OMNIS_NETWORK)9910143631505606 | ||
| 040 |
_aWA N _cWA N _dKOSZ 005/RW |
||
| 045 |
_bd1924 _bd1926 |
||
| 046 | _k1990 | ||
| 080 | _a94(438).081 | ||
| 100 | 1 |
_aGarlicki, Andrzej _d(1935-2013) _eAutor |
|
| 245 | 1 | 0 |
_aZ Sulejówka do Belwederu / _cAndrzej Garlicki. |
| 250 | _aWydanie I. | ||
| 260 |
_aWarszawa : _bKrajowa Agencja Wydawnicza, _c1990. |
||
| 300 |
_a80, [1] stron : _bilustracje ; _c27 cm. |
||
| 336 |
_aTekst _btxt _2rdacontent |
||
| 337 |
_aBez urządzenia pośredniczącego _bn _2rdamedia |
||
| 338 |
_aWolumin _bnc _2rdacarrier |
||
| 380 | _aKsiążki | ||
| 380 | _aPublikacje popularnonaukowe | ||
| 388 | 1 | _a1901-2000 | |
| 388 | 1 | _a1989-2000 | |
| 490 | 1 |
_aDzieje narodu i państwa polskiego ; _vIII-60 |
|
| 500 | _aOpis wg okładki. | ||
| 504 | _aWskazówki bibliograficzne na stronie 80. | ||
| 600 | 1 | 7 |
_aPiłsudski, Józef _d(1867-1935) _2DBN |
| 648 | 7 |
_a1901-2000 _2DBN |
|
| 648 | 7 |
_a1918-1939 _2DBN |
|
| 650 | 7 |
_aPolityka _2DBN |
|
| 650 | 7 |
_aPrzewrót majowy (1926) _2DBN |
|
| 651 | 7 |
_aPolska _2DBN |
|
| 655 | 7 | _aWydawnictwa popularne | |
| 658 | _aHistoria | ||
| 658 | _aPolityka, politologia, administracja publiczna | ||
| 710 | 2 |
_aKrajowa Agencja Wydawnicza _4pbl |
|
| 830 | 0 |
_aDzieje Narodu i Państwa Polskiego _vIII-60 |
|
| 856 |
_uhttps://koha.tu.koszalin.pl/cgi-bin/koha/opac-detail.pl?biblionumber=29386 _yKatalog online BPK |
||
| 942 |
_2UKD _cKS |
||
| 999 |
_c29386 _d29386 |
||